| 000 | 00531nam a22002057a 4500 | ||
|---|---|---|---|
| 999 |
_c6323 _d6323 |
||
| 003 | OSt | ||
| 005 | 20190918123732.0 | ||
| 008 | 190918b ||||| |||| 00| 0 eng d | ||
| 020 | _a0443075956 | ||
| 040 | _cDNML | ||
| 082 | _aWF.980 T35f 2001. | ||
| 100 |
_aPearson,Griffith,F;[et....al] _912947 |
||
| 245 | _aThoracic Surgery | ||
| 250 | _b2nd ed. | ||
| 260 |
_aNew York, _bChurchill Livingstone. _c2001. |
||
| 300 |
_axxv,1942p; _bill; _c29cm. |
||
| 504 | _aincludes index. | ||
| 650 |
_aSurgery. _9323 |
||
| 942 |
_2ddc _cO_SHELF |
||